|
|
|
|
| LEADER |
00000nam a22000005a 4500 |
| 001 |
vtls008623189 |
| 003 |
SK-MaSNL |
| 005 |
20260426004948.0 |
| 008 |
180531s2005 xo a 000 0 slo |
| 015 |
|
|
|a SNBE2007/01-00160
|
| 020 |
|
|
|a 8085342243
|q (brož.)
|
| 040 |
|
|
|a SNK
|b slo
|c SNK
|e AACR2
|
| 041 |
0 |
|
|a slo
|a eng
|
| 043 |
|
|
|a e-xo---
|
| 044 |
|
|
|a xo
|c SK
|
| 072 |
|
7 |
|a 656.8
|x Poštové služby a správa
|2 konspekt
|
| 080 |
|
|
|a 656.835.11
|2 2001
|
| 080 |
|
|
|a (437.6)
|2 2001
|
| 080 |
|
|
|a 656.835.91
|2 2001
|
| 080 |
|
|
|a (048.8)
|2 2001
|
| 245 |
0 |
0 |
|a Najkrajšie slovenské poštové známky
|b výber 1993-2004
|c [publikáciu pripravil pracovný tím pod vedením Ireny Kirinovičovej ; anglický preklad: Paul Meager]
|
| 246 |
1 |
1 |
|a The most beautiful slovak postage stamps
|
| 250 |
|
|
|a [1. vyd.]
|
| 260 |
|
|
|a Banská Bystrica
|b Enterprise
|c 2005
|
| 300 |
|
|
|a 49 s.
|b ilustr.
|c 30 cm
|
| 500 |
|
|
|a Názov z obalu
|
| 546 |
|
|
|a Súbežný názov a text angl.
|
| 648 |
|
7 |
|a 1993-2004
|2 SNKPH
|9 403359
|
| 650 |
0 |
7 |
|a poštové známky
|2 SNKPH
|9 51141
|
| 650 |
0 |
7 |
|a filatelia
|2 SNKPH
|9 13203
|
| 651 |
|
7 |
|a Slovensko
|2 SNKPH
|9 14231
|
| 655 |
|
7 |
|a prehľady
|2 SNKPH
|9 70194
|
| 700 |
1 |
|
|a Kirinovičová, Irina
|4 aut
|9 644394
|
| 700 |
1 |
|
|a Kollár, Štefan
|4 aut
|9 299055
|
| 700 |
1 |
|
|a Stiegel, Jozef
|4 aut
|9 324748
|
| 700 |
1 |
|
|a Pollák, Štefan
|4 aut
|9 8789
|
| 700 |
1 |
|
|a Vallašeková, Svetlana
|4 aut
|9 644395
|
| 700 |
1 |
|
|a Pavlovičová, Ľubica
|4 aut
|9 267122
|
| 700 |
1 |
|
|a Fábian, Matej
|4 aut
|9 564601
|
| 700 |
1 |
|
|a Purdeková, Zdenka
|4 aut
|9 644396
|
| 700 |
1 |
|
|a Meager, Paul
|4 trl
|9 644397
|
| 919 |
|
|
|a 80-85342-24-3
|
| 999 |
|
|
|c 995753
|d 997683
|
| 952 |
|
|
|a SNK
|b SNK
|y PREZ
|7 0
|p 17A0497285
|o snkOSB 14484
|i snk2006/3236
|8 0
|0 0
|1 0
|4 0
|d 2006-02-16
|l 0
|r 2026-02-24 12:03:02
|w 2026-02-24
|
| 952 |
|
|
|a SNK
|b SNK
|y VYP
|7 0
|p 17A0497306
|o snkOSB 14484 D1
|i snk2006/3237
|8 0
|0 0
|1 0
|4 0
|d 2006-02-16
|l 0
|r 2026-02-24 12:03:02
|w 2026-02-24
|